000
00293nam a22001457a 4500
003
SGT
082
_a
530,GOY
100
_a
GOYAL,J.K
245
_a
FLUID DYNAMICS
250
_a
23RD
260
_a
MEERUT
_b
PRAGATI PRAKASHAN
_c
2016
300
_a
587
650
_a
PHYSICS
942
_2
ddc
_c
FPS
_0
2
999
_c
10011
_d
10011